Optimizacija sistem upravlenija po minimaksnomu kriteriju

Enregistré dans:
Détails bibliographiques
Auteur principal: Kejn, Vladimir Michajlovič
Format: Livre
Langue:russe
Publié: Moskva Nauka 1985
Tags: Ajouter un tag
Pas de tags, Soyez le premier à ajouter un tag!

MARC

LEADER 00000nam a2200000 4500
001 c110098
005 20041019155145.8
041 0 |a rus 
044 |a RU 
245 1 0 |a Optimizacija sistem upravlenija po minimaksnomu kriteriju  |c Vladimir Michajlovič Kejn 
264 1 |a Moskva  |b Nauka  |c 1985 
300 |a 247 s. 
100 1 |a Kejn, Vladimir Michajlovič